[Event "Vladimir Dvorkovich Mem 2014"]
[Site "Taganrog RUS"]
[Date "2014.01.21"]
[Round "4.37"]
[White "Dida, Igor"]
[Black "Yakimenko, Viktoria"]
[Result "0-1"]
[WhiteElo "1956"]
[BlackElo "1935"]
[PlyCount "106"]
[EventDate "2014.01.18"]
[EventType "swiss"]
[EventRounds "9"]
[EventCountry "RUS"]
[Source "Mark Crowther"]
[SourceDate "2014.01.27"]

1. c4 Nf6 2. g3 g6 3. Bg2 Bg7 4. d4 d5 5. cxd5 Nxd5 6. e4 Nb6 7. Ne2 O-O 8. O-O
e5 9. d5 Nc4 10. b3 Nd6 11. Nbc3 f5 12. f3 Nd7 13. Be3 Nf6 14. Qd2 Nf7 15. Rac1
fxe4 16. fxe4 Ng4 17. Rc2 Nxe3 18. Qxe3 Bh6 19. Qc5 Qd6 20. Nd1 Bg4 21. Rf2
Qxc5 22. Rxc5 Rac8 23. h3 Bd7 24. Kh2 c6 25. Rc3 b5 26. dxc6 Bxc6 27. Rf6 Bb7
28. Re6 Rce8 29. Rxe8 Rxe8 30. Rc7 Nd6 31. Nec3 a6 32. Rd7 Re6 33. Bf3 Rf6 34.
Kg2 b4 35. Nd5 Bxd5 36. exd5 e4 37. Be2 Nb5 38. Bc4 Na3 39. Re7 e3 40. Nxe3
Bxe3 41. Rxe3 Kf7 42. Bd3 Rd6 43. Be4 Nb5 44. Re2 Nc3 45. Rf2+ Ke7 46. Bd3 Nxd5
47. Bc4 Ne3+ 48. Kh2 Nxc4 49. bxc4 Rd4 50. Rc2 Kd6 51. c5+ Kc6 52. Kg2 Rd3 53.
h4 Rc3 0-1

[Event "Vladimir Dvorkovich Mem 2014"]
[Site "Taganrog RUS"]
[Date "2014.01.21"]
[Round "4.38"]
[White "Pligin, G."]
[Black "Bogdanov, R."]
[Result "0-1"]
[WhiteElo "1928"]
[BlackElo "2048"]
[PlyCount "88"]
[EventDate "2014.01.18"]
[EventType "swiss"]
[EventRounds "9"]
[EventCountry "RUS"]
[Source "Mark Crowther"]
[SourceDate "2014.01.27"]

1. d4 Nf6 2. Nf3 c5 3. e3 d5 4. Bb5+ Nbd7 5. O-O a6 6. Be2 e6 7. b3 Bd6 8. Bb2
Qc7 9. Nbd2 b5 10. a4 b4 11. g3 h5 12. dxc5 Nxc5 13. Bxf6 gxf6 14. Nh4 Bb7 15.
Rc1 Ne4 16. Nxe4 dxe4 17. Bc4 f5 18. Qe2 Ke7 19. c3 bxc3 20. Rxc3 Rag8 21. Rfc1
Qb6 22. Rd1 f4 23. exf4 Bxf4 24. Ng2 Be5 25. Rc2 h4 26. Qe3 Qxe3 27. Nxe3 hxg3
28. hxg3 f5 29. Kf1 f4 30. gxf4 Bxf4 31. Ke2 Rh3 32. Rc3 Rf3 33. Rh1 Bc8 34.
Rh7+ Kd6 35. Nd1 Rxc3 36. Nxc3 Ke5 37. Kf1 Bd2 38. Ne2 Rf8 39. Kg2 Be1 40. Rh5+
Kd6 41. Ng3 Rxf2+ 42. Kg1 Rf4 43. Ne2 Rf7 44. Rg5 e3 0-1

[Event "Vladimir Dvorkovich Mem 2014"]
[Site "Taganrog RUS"]
[Date "2014.01.21"]
[Round "4.39"]
[White "Shamugia, Panteley"]
[Black "Yakimenko, Anastasia"]
[Result "0-1"]
[WhiteElo "1961"]
[BlackElo "1927"]
[PlyCount "102"]
[EventDate "2014.01.18"]
[EventType "swiss"]
[EventRounds "9"]
[EventCountry "RUS"]
[Source "Mark Crowther"]
[SourceDate "2014.01.27"]

1. d4 Nf6 2. c4 e6 3. Nc3 c5 4. d5 d6 5. e4 e5 6. Nf3 g6 7. Be2 Bg7 8. O-O O-O
9. h3 Nh5 10. Bg5 f6 11. Bh4 Nf4 12. Bd3 Na6 13. Ne2 Qe8 14. Bg3 f5 15. Bxf4
fxe4 16. Bxe4 exf4 17. Bd3 Bxb2 18. Rb1 Bg7 19. a3 Nb8 20. Re1 Qd8 21. Qc2 Qf6
22. Kf1 Nd7 23. Neg1 Qc3 24. Qxc3 Bxc3 25. Re2 Rb8 26. Rb3 Bg7 27. Rb1 Ne5 28.
Nxe5 Bxe5 29. Nf3 Bf6 30. Rbe1 Bd7 31. Rb1 b6 32. Nd2 Rfe8 33. Ne4 Bd4 34. f3
a6 35. Ree1 b5 36. Rec1 bxc4 37. Bxc4 Bb5 38. Bxb5 axb5 39. Rb3 Rec8 40. Nc3
Bxc3 41. Rbxc3 c4 42. h4 Rc5 43. Rd1 Re8 44. Kf2 Re5 45. Rd4 Rcxd5 46. Rxf4
Rd2+ 47. Kg1 Ree2 48. Rg4 Rd1+ 49. Kh2 d5 50. f4 d4 51. Rf3 Rd3 0-1

[Event "Vladimir Dvorkovich Mem 2014"]
[Site "Taganrog RUS"]
[Date "2014.01.22"]
[Round "5.1"]
[White "Papin, V."]
[Black "Khismatullin, D."]
[Result "0-1"]
[WhiteElo "2510"]
[BlackElo "2674"]
[PlyCount "96"]
[EventDate "2014.01.18"]
[EventType "swiss"]
[EventRounds "9"]
[EventCountry "RUS"]
[Source "Mark Crowther"]
[SourceDate "2014.01.27"]

1. c4 e5 2. g3 Nf6 3. Bg2 Bc5 4. Nc3 Nc6 5. d3 O-O 6. Nf3 d6 7. O-O h6 8. a3
Nd4 9. b4 Nxf3+ 10. Bxf3 Bd4 11. Bb2 c6 12. e3 Bb6 13. Ne4 Be6 14. Nxf6+ Qxf6
15. Bg2 Rad8 16. Qc2 Bg4 17. c5 dxc5 18. bxc5 Bc7 19. d4 exd4 20. Bxd4 Be5 21.
Bxe5 Qxe5 22. Rab1 Bf5 23. e4 Bc8 24. Rfd1 g5 25. h3 Kg7 26. a4 h5 27. Rbc1 h4
28. gxh4 gxh4 29. Rd3 Rxd3 30. Qxd3 Qg5 31. Rc4 Rd8 32. Qc3+ Kh7 33. e5 Rg8 34.
Qf3 Be6 35. Rf4 Rg6 36. Kh2 Qxe5 37. Qe4 Qxc5 38. Rf6 Qd6+ 39. Kh1 Qd1+ 40. Kh2
Qd6+ 41. Kh1 Kg7 42. Rxg6+ fxg6 43. Qxh4 a5 44. Qe4 b5 45. axb5 cxb5 46. h4 a4
47. Qb7+ Bf7 48. Qxb5 a3 0-1

[Event "Vladimir Dvorkovich Mem 2014"]
[Site "Taganrog RUS"]
[Date "2014.01.22"]
[Round "5.2"]
[White "Smirnov, P."]
[Black "Belous, V."]
[Result "1-0"]
[WhiteElo "2630"]
[BlackElo "2569"]
[PlyCount "62"]
[EventDate "2014.01.18"]
[EventType "swiss"]
[EventRounds "9"]
[EventCountry "RUS"]
[Source "Mark Crowther"]
[SourceDate "2014.01.27"]

1. d4 d5 2. c4 c6 3. cxd5 cxd5 4. Bf4 Nc6 5. e3 Nf6 6. Nc3 Bf5 7. Qb3 Na5 8.
Qa4+ Bd7 9. Qc2 e6 10. Nf3 Rc8 11. Bd3 Be7 12. h3 Nc4 13. O-O O-O 14. Ne5 Bc6
15. Rac1 b5 16. b3 Na3 17. Qe2 Qb6 18. Bg5 h6 19. Bh4 b4 20. Na4 Bxa4 21. bxa4
Rc7 22. a5 Qxa5 23. Nc6 Qb6 24. Nxe7+ Rxe7 25. Bxf6 gxf6 26. Qg4+ Kh8 27. Qh4
Kg7 28. f4 Qd8 29. Rf3 f5 30. Rg3+ Kh7 31. Rc6 f6 1-0

[Event "Vladimir Dvorkovich Mem 2014"]
[Site "Taganrog RUS"]
[Date "2014.01.22"]
[Round "5.5"]
[White "Kokarev, Dm"]
[Black "Bukavshin, I."]
[Result "1/2-1/2"]
[WhiteElo "2625"]
[BlackElo "2578"]
[PlyCount "82"]
[EventDate "2014.01.18"]
[EventType "swiss"]
[EventRounds "9"]
[EventCountry "RUS"]
[Source "Mark Crowther"]
[SourceDate "2014.01.27"]

1. Nf3 d5 2. g3 c6 3. Bg2 Bg4 4. O-O Nd7 5. d4 e6 6. Nbd2 Ngf6 7. Re1 Be7 8. e4
O-O 9. c3 Bh5 10. e5 Ne8 11. Nb3 Nc7 12. Be3 Na6 13. Nc1 c5 14. Nd3 cxd4 15.
Bxd4 Nab8 16. Qb3 Nb6 17. Nd2 Bg6 18. Nf4 Nc6 19. Nxg6 hxg6 20. Be3 d4 21. cxd4
Nxd4 22. Bxd4 Qxd4 23. Rad1 Rab8 24. Nb1 Qb4 25. Nc3 Rfd8 26. Rxd8+ Rxd8 27.
Qxb4 Bxb4 28. Rd1 Rxd1+ 29. Nxd1 Nc4 30. Bxb7 Nxe5 31. Kf1 Kf8 32. Ke2 Ke7 33.
h4 Bc5 34. Ba6 f5 35. a3 Ng4 36. b4 Bd4 37. Bb7 e5 38. Bc8 Kd8 39. Be6 Ke7 40.
Bc8 Kd8 41. Be6 Ke7 1/2-1/2

[Event "Vladimir Dvorkovich Mem 2014"]
[Site "Taganrog RUS"]
[Date "2014.01.22"]
[Round "5.7"]
[White "Rakhmanov, Ale"]
[Black "Gabrielian, A."]
[Result "1/2-1/2"]
[WhiteElo "2606"]
[BlackElo "2555"]
[PlyCount "102"]
[EventDate "2014.01.18"]
[EventType "swiss"]
[EventRounds "9"]
[EventCountry "RUS"]
[Source "Mark Crowther"]
[SourceDate "2014.01.27"]

1. d4 Nf6 2. Nf3 g6 3. Nbd2 d5 4. e3 Bg7 5. b4 a5 6. b5 c5 7. bxc6 Nxc6 8. Ba3
O-O 9. c3 Bf5 10. Be2 Qc7 11. Rc1 Rfc8 12. O-O e5 13. Nxe5 Nxe5 14. dxe5 Qxe5
15. Nf3 Qe8 16. Nd4 Bd7 17. Qb3 Ne4 18. Rfe1 b5 19. f3 Nxc3 20. Rxc3 Rxc3 21.
Qxc3 b4 22. Bxb4 axb4 23. Qd2 Rxa2 24. Qxa2 Qxe3+ 25. Kh1 Bxd4 26. Qxd5 Be6 27.
Qd8+ Kg7 28. Rd1 Bf6 29. Qd3 Qc5 30. Qb5 Qc3 31. Qd3 Qe5 32. Qb5 Qb2 33. Rf1
Qc3 34. Qd3 Qc7 35. f4 b3 36. f5 gxf5 37. Qe3 b2 38. Bd3 h6 39. Qg3+ Qxg3 40.
hxg3 Bg5 41. Bb1 h5 42. Rf3 Kf6 43. Kg1 Ke5 44. Kf1 f4 45. Rf2 fxg3 46. Rxb2
Bc4+ 47. Re2+ Bxe2+ 48. Kxe2 Kf4 49. Ba2 f5 50. Bd5 Be7 51. Bc6 Bc5 1/2-1/2

[Event "Vladimir Dvorkovich Mem 2014"]
[Site "Taganrog RUS"]
[Date "2014.01.22"]
[Round "5.8"]
[White "Shomoev, A."]
[Black "Bocharov, D."]
[Result "1-0"]
[WhiteElo "2560"]
[BlackElo "2602"]
[PlyCount "55"]
[EventDate "2014.01.18"]
[EventType "swiss"]
[EventRounds "9"]
[EventCountry "RUS"]
[Source "Mark Crowther"]
[SourceDate "2014.01.27"]

1. e4 g6 2. d4 Bg7 3. Nc3 d6 4. f4 a6 5. Nf3 b5 6. Bd3 Bb7 7. a4 b4 8. Ne2 c5
9. c3 bxc3 10. bxc3 cxd4 11. Rb1 Qc7 12. cxd4 Nd7 13. O-O Ngf6 14. Ng3 O-O 15.
Qe2 e5 16. fxe5 dxe5 17. Ba3 Rfe8 18. Rfc1 Qb8 19. Qb2 Ra7 20. Bc4 Bf8 21. Bxf8
Kxf8 22. dxe5 Nxe5 23. Nxe5 Qxe5 24. Qf2 Rea8 25. Rb6 Kg7 26. Rf1 Nxe4 27.
Qxf7+ Kh6 28. Nf5+ 1-0

[Event "Vladimir Dvorkovich Mem 2014"]
[Site "Taganrog RUS"]
[Date "2014.01.22"]
[Round "5.9"]
[White "Kryakvin, D."]
[Black "Tunik, G."]
[Result "1-0"]
[WhiteElo "2588"]
[BlackElo "2420"]
[PlyCount "67"]
[EventDate "2014.01.18"]
[EventType "swiss"]
[EventRounds "9"]
[EventCountry "RUS"]
[Source "Mark Crowther"]
[SourceDate "2014.01.27"]

1. d4 Nf6 2. c4 e6 3. Nf3 b6 4. g3 Ba6 5. Qb3 Nc6 6. Nbd2 Bb7 7. e4 d5 8. cxd5
exd5 9. e5 Ne4 10. Bd3 Bb4 11. O-O Bxd2 12. Bxd2 O-O 13. Be3 h6 14. Rac1 a5 15.
a3 Ne7 16. Nh4 c5 17. dxc5 d4 18. c6 Bxc6 19. Rxc6 dxe3 20. Bxe4 Nxc6 21. Bxc6
Rc8 22. Bf3 Qd2 23. Qxe3 Qxe3 24. fxe3 Rc5 25. Nf5 Kh7 26. e6 fxe6 27. Nd4 Rfc8
28. Nxe6 Re5 29. Bg4 Re8 30. Nf8+ Kg8 31. Nd7 Rb5 32. Rf2 Kh8 33. e4 Re7 34. e5
1-0

[Event "Vladimir Dvorkovich Mem 2014"]
[Site "Taganrog RUS"]
[Date "2014.01.22"]
[Round "5.10"]
[White "Kornyukov, A."]
[Black "Stukopin, A."]
[Result "0-1"]
[WhiteElo "2437"]
[BlackElo "2523"]
[PlyCount "40"]
[EventDate "2014.01.18"]
[EventType "swiss"]
[EventRounds "9"]
[EventCountry "RUS"]
[Source "Mark Crowther"]
[SourceDate "2014.01.27"]

1. d4 Nf6 2. c4 e6 3. Nc3 Bb4 4. f3 O-O 5. e4 d5 6. cxd5 exd5 7. e5 Nfd7 8. f4
c5 9. Nf3 cxd4 10. Nxd4 Nxe5 11. fxe5 Qh4+ 12. Ke2 Bg4+ 13. Nf3 Nc6 14. Bf4
Rfe8 15. Bg3 Qh5 16. Qd3 Nxe5 17. Bxe5 Qxe5+ 18. Kd2 Qf4+ 19. Kd1 Re3 20. Qd2
d4 0-1

[Event "Vladimir Dvorkovich Mem 2014"]
[Site "Taganrog RUS"]
[Date "2014.01.22"]
[Round "5.11"]
[White "Sjugirov, S."]
[Black "Korchmar, V."]
[Result "1-0"]
[WhiteElo "2651"]
[BlackElo "2346"]
[PlyCount "71"]
[EventDate "2014.01.18"]
[EventType "swiss"]
[EventRounds "9"]
[EventCountry "RUS"]
[Source "Mark Crowther"]
[SourceDate "2014.01.27"]

1. d4 Nf6 2. c4 g6 3. Nc3 d5 4. cxd5 Nxd5 5. e4 Nxc3 6. bxc3 Bg7 7. Bc4 c5 8.
Ne2 Nc6 9. Be3 O-O 10. O-O Na5 11. Bb5 b6 12. Rc1 Bb7 13. f3 Rc8 14. Qd2 e6 15.
Rfd1 cxd4 16. cxd4 Qe7 17. Bg5 Qa3 18. h4 h5 19. Kh1 Kh7 20. Rxc8 Rxc8 21. d5
exd5 22. exd5 a6 23. d6 f6 24. Bd3 fxg5 25. d7 gxh4 26. dxc8=Q Bxc8 27. Nf4 h3
28. Bxg6+ Kh6 29. Ne6+ Kxg6 30. Qg5+ Kf7 31. Qxg7+ Kxe6 32. Re1+ Kd5 33. Qg8+
Kd4 34. Re4+ Kd3 35. Qd5+ Kc2 36. Re2+ 1-0

[Event "Vladimir Dvorkovich Mem 2014"]
[Site "Taganrog RUS"]
[Date "2014.01.22"]
[Round "5.12"]
[White "Volkov, Sergey1"]
[Black "Lopukhin, A."]
[Result "1-0"]
[WhiteElo "2623"]
[BlackElo "2327"]
[PlyCount "65"]
[EventDate "2014.01.18"]
[EventType "swiss"]
[EventRounds "9"]
[EventCountry "RUS"]
[Source "Mark Crowther"]
[SourceDate "2014.01.27"]

1. d4 e6 2. c4 f5 3. g3 Nf6 4. Bg2 c6 5. Nf3 Be7 6. O-O O-O 7. Qc2 d5 8. b3 Ne4
9. Ba3 Bxa3 10. Nxa3 Bd7 11. Ne5 Be8 12. f3 Ng5 13. e3 Nd7 14. Nd3 Qf6 15. Rad1
Qh6 16. Nf4 Bh5 17. h4 Nf7 18. cxd5 exd5 19. Qxf5 Nf6 20. Qh3 Rae8 21. g4 Rxe3
22. g5 Nxg5 23. hxg5 Qxg5 24. Ne6 Rxe6 25. Qxe6+ Bf7 26. Qe5 Qg6 27. Nb1 Nh5
28. Rfe1 Qh6 29. Nc3 Kh8 30. Qe7 Kg8 31. Re5 Nf6 32. Qxb7 Bh5 33. Qxc6 1-0

[Event "Vladimir Dvorkovich Mem 2014"]
[Site "Taganrog RUS"]
[Date "2014.01.22"]
[Round "5.13"]
[White "Lugovskoy, M."]
[Black "Onischuk, V."]
[Result "0-1"]
[WhiteElo "2386"]
[BlackElo "2594"]
[PlyCount "106"]
[EventDate "2014.01.18"]
[EventType "swiss"]
[EventRounds "9"]
[EventCountry "RUS"]
[Source "Mark Crowther"]
[SourceDate "2014.01.27"]

1. e4 c6 2. d4 d5 3. Nc3 dxe4 4. Nxe4 Nf6 5. Nxf6+ gxf6 6. Nf3 Bg4 7. c3 Nd7 8.
h3 Bh5 9. g4 Bg6 10. Bg2 e6 11. Nh4 f5 12. Nxg6 hxg6 13. gxf5 gxf5 14. Bf4 Qh4
15. Qd2 Bh6 16. Bxh6 Qxh6 17. O-O-O O-O-O 18. Qxh6 Rxh6 19. Rdg1 Nf6 20. Kc2
Rh4 21. Bf3 Kd7 22. b4 Rdh8 23. Bg2 Rf4 24. Rf1 Ne4 25. Bxe4 fxe4 26. Rh2 Rh5
27. Re1 a5 28. bxa5 Rxa5 29. Kb3 Rb5+ 30. Kc2 Rbf5 31. Kb3 Kd6 32. Rg2 Rb5+ 33.
Kc2 Rh5 34. Re3 c5 35. dxc5+ Rxc5 36. a4 Ke5 37. Kb3 f5 38. Rh2 Rh4 39. Rg2 Rc7
40. Reg3 Rch7 41. a5 Kd6 42. Rg1 Rxh3 43. Rd1+ Ke5 44. Rxh3 Rxh3 45. Rd7 Rh1
46. Kc4 Ra1 47. Kb5 Rb1+ 48. Kc5 Rb2 49. c4 f4 50. Rh7 Rxf2 51. Rh5+ Kf6 52.
Kd4 e3 53. Rh6+ Kf5 0-1

[Event "Vladimir Dvorkovich Mem 2014"]
[Site "Taganrog RUS"]
[Date "2014.01.22"]
[Round "5.14"]
[White "Mikhailov, Se1"]
[Black "Kharchenko, B."]
[Result "0-1"]
[WhiteElo "2327"]
[BlackElo "2494"]
[PlyCount "80"]
[EventDate "2014.01.18"]
[EventType "swiss"]
[EventRounds "9"]
[EventCountry "RUS"]
[Source "Mark Crowther"]
[SourceDate "2014.01.27"]

1. Nf3 d5 2. d4 Nf6 3. c4 c6 4. cxd5 cxd5 5. Nc3 Nc6 6. Bf4 Nh5 7. Bg3 Nxg3 8.
hxg3 g6 9. e3 Bg7 10. Rc1 O-O 11. Be2 e6 12. O-O Qe7 13. a3 Bd7 14. Na4 Rfd8
15. Nc5 Be8 16. Bb5 Nxd4 17. Nxd4 Bxd4 18. Bxe8 Bxc5 19. Bb5 Bb6 20. Qe2 h5 21.
Rfd1 Kg7 22. e4 dxe4 23. Qxe4 Qg5 24. Qb4 Qxg3 25. Qc3+ Qxc3 26. bxc3 Rac8 27.
Rxd8 Rxd8 28. Rc2 Rd1+ 29. Kh2 Ra1 30. a4 Kf6 31. g3 Ke7 32. Rd2 Rc1 33. Rd7+
Kf8 34. Rxb7 Rxc3 35. f4 Bf2 36. Kg2 Bxg3 37. Rxa7 Bxf4 38. a5 h4 39. Ra8+ Kg7
40. Be8 h3+ 0-1

[Event "Vladimir Dvorkovich Mem 2014"]
[Site "Taganrog RUS"]
[Date "2014.01.22"]
[Round "5.15"]
[White "Yuzhakov, O."]
[Black "Guseva, Marina"]
[Result "0-1"]
[WhiteElo "2345"]
[BlackElo "2388"]
[PlyCount "70"]
[EventDate "2014.01.18"]
[EventType "swiss"]
[EventRounds "9"]
[EventCountry "RUS"]
[Source "Mark Crowther"]
[SourceDate "2014.01.27"]

1. e4 c6 2. Nc3 d5 3. Nf3 Bg4 4. h3 Bxf3 5. Qxf3 e6 6. d4 dxe4 7. Qxe4 Nf6 8.
Qd3 Na6 9. a3 Qa5 10. Rb1 Nc7 11. Be2 Ncd5 12. b4 Qc7 13. g3 Bd6 14. Nd1 b5 15.
O-O a5 16. c3 O-O 17. f4 Rfd8 18. Nf2 g6 19. Ng4 Nxg4 20. hxg4 Bf8 21. Bb2 Bg7
22. Rbc1 Nb6 23. Qe4 Qd6 24. g5 Qd5 25. Qxd5 exd5 26. Kf2 axb4 27. cxb4 Nc4 28.
Bxc4 dxc4 29. Ke3 Rd5 30. Rf3 Re8+ 31. Kf2 Re4 32. Re3 Bxd4 33. Bxd4 Rdxd4 34.
Ke2 Kf8 35. Rcc3 Ke7 0-1

[Event "Vladimir Dvorkovich Mem 2014"]
[Site "Taganrog RUS"]
[Date "2014.01.22"]
[Round "5.16"]
[White "Pasiev, R."]
[Black "Esipenko, Andrey"]
[Result "1-0"]
[WhiteElo "2405"]
[BlackElo "2289"]
[PlyCount "87"]
[EventDate "2014.01.18"]
[EventType "swiss"]
[EventRounds "9"]
[EventCountry "RUS"]
[Source "Mark Crowther"]
[SourceDate "2014.01.27"]

1. d4 Nf6 2. Nf3 e6 3. Bg5 d5 4. Nbd2 Be7 5. e3 Nbd7 6. Bd3 c5 7. c3 O-O 8. h3
b6 9. O-O Bb7 10. Qb1 h6 11. Bf4 Qc8 12. Re1 Ba6 13. Bc2 Qd8 14. b4 cxd4 15.
cxd4 Rc8 16. Rc1 Ne8 17. b5 Bb7 18. Bd3 Rxc1+ 19. Qxc1 Bd6 20. Ne5 Nxe5 21.
Bxe5 Bxe5 22. dxe5 f6 23. Qa3 g5 24. Qxa7 Qc7 25. exf6 g4 26. Qa3 Qe5 27. Bh7+
Kxh7 28. Qxf8 Qxa1+ 29. Nf1 Nxf6 30. Qf7+ Kh8 31. Qxb7 gxh3 32. gxh3 Ne4 33.
Qxb6 Qg7+ 34. Ng3 Kh7 35. Qc6 Nxg3 36. fxg3 Qxg3+ 37. Kf1 Qf3+ 38. Ke1 Qg3+ 39.
Kd2 Qf2+ 40. Kc3 Qe1+ 41. Kd4 Qb4+ 42. Ke5 Qb2+ 43. Kd6 Qa3+ 44. Kxe6 1-0

[Event "Vladimir Dvorkovich Mem 2014"]
[Site "Taganrog RUS"]
[Date "2014.01.22"]
[Round "5.17"]
[White "Nakhbayeva, G."]
[Black "Yuffa, D."]
[Result "0-1"]
[WhiteElo "2287"]
[BlackElo "2373"]
[PlyCount "84"]
[EventDate "2014.01.18"]
[EventType "swiss"]
[EventRounds "9"]
[EventCountry "RUS"]
[Source "Mark Crowther"]
[SourceDate "2014.01.27"]

1. d4 Nf6 2. c4 g6 3. Nc3 Bg7 4. e4 d6 5. h3 O-O 6. Bg5 Na6 7. Bd3 e5 8. d5 c6
9. Nge2 Nc5 10. Bc2 cxd5 11. exd5 Qb6 12. b3 Bd7 13. O-O Kh8 14. Rb1 a5 15. a3
Na6 16. Kh1 Ng8 17. Be3 Qd8 18. f4 f5 19. Qd2 Rc8 20. Ng1 a4 21. Nxa4 Bxa4 22.
bxa4 Rxc4 23. Nf3 Bh6 24. Bd3 Rxf4 25. Bxa6 bxa6 26. Bxf4 Bxf4 27. Qd1 Re8 28.
Rb7 Nf6 29. g3 Bh6 30. Qb3 Ne4 31. Kg2 Qc8 32. Qb2 Nc5 33. Ra7 Be3 34. Qc3 Qb8
35. Rf7 Bh6 36. Qb4 Kg8 37. Nxe5 dxe5 38. Re7 Bf8 39. Qxb8 Rxb8 40. Rxe5 Rb2+
41. Kf3 Ne4 42. Rd1 Bc5 0-1

[Event "Vladimir Dvorkovich Mem 2014"]
[Site "Taganrog RUS"]
[Date "2014.01.22"]
[Round "5.18"]
[White "Vastrukhin, O."]
[Black "Iliushkin, E."]
[Result "1-0"]
[WhiteElo "2370"]
[BlackElo "2302"]
[PlyCount "85"]
[EventDate "2014.01.18"]
[EventType "swiss"]
[EventRounds "9"]
[EventCountry "RUS"]
[Source "Mark Crowther"]
[SourceDate "2014.01.27"]

1. d4 Nf6 2. g3 e6 3. Bg2 c5 4. Nf3 Nc6 5. O-O a6 6. c4 cxd4 7. Nxd4 Bc5 8.
Nxc6 bxc6 9. Nc3 O-O 10. Na4 Qe7 11. Nxc5 Qxc5 12. Qb3 d5 13. cxd5 exd5 14. Be3
Qd6 15. Rac1 Re8 16. Bc5 Qe5 17. e3 Rb8 18. Bd4 Qd6 19. Rxc6 Qxc6 20. Qxb8 Bh3
21. Qb6 Qxb6 22. Bxb6 Bxg2 23. Kxg2 Rc8 24. f3 Kf8 25. Bd4 Ke7 26. g4 h5 27. g5
Ne8 28. Rf2 g6 29. Be5 Ke6 30. f4 f6 31. gxf6 Nxf6 32. Bxf6 Kxf6 33. Kf3 Rc1
34. Rd2 Ke6 35. Ke2 Rh1 36. Kd3 h4 37. e4 dxe4+ 38. Kxe4 Rf1 39. Rc2 Kf7 40.
Rc7+ Kf8 41. Ke3 a5 42. Rc5 Kg7 43. Rxa5 1-0

[Event "Vladimir Dvorkovich Mem 2014"]
[Site "Taganrog RUS"]
[Date "2014.01.22"]
[Round "5.19"]
[White "Rjabzev, K."]
[Black "Musalov, R."]
[Result "1/2-1/2"]
[WhiteElo "2304"]
[BlackElo "2365"]
[PlyCount "83"]
[EventDate "2014.01.18"]
[EventType "swiss"]
[EventRounds "9"]
[EventCountry "RUS"]
[Source "Mark Crowther"]
[SourceDate "2014.01.27"]

1. e4 e5 2. Nf3 Nc6 3. Bc4 d6 4. c3 Be7 5. d4 Nf6 6. dxe5 Nxe5 7. Nxe5 dxe5 8.
Qe2 O-O 9. O-O c6 10. Nd2 b5 11. Bb3 Qc7 12. Nf3 Nd7 13. Ng5 Nc5 14. Qh5 Bxg5
15. Bxg5 Nxb3 16. axb3 Be6 17. b4 a5 18. bxa5 f6 19. Be3 Rxa5 20. Bc5 Rfa8 21.
Rxa5 Qxa5 22. Qd1 Rd8 23. Qa1 Qa4 24. Qxa4 bxa4 25. f3 Bc4 26. Ra1 Bb3 27. Be3
Kf7 28. Kf2 Ke6 29. Re1 Bd1 30. f4 Bc2 31. fxe5 fxe5 32. Bc1 Rf8+ 33. Kg3 Kd6
34. Re2 Bb1 35. Rd2+ Ke6 36. Rf2 Rxf2 37. Kxf2 Bxe4 38. g3 Kd5 39. Bg5 Kc4 40.
Ke3 Bf5 41. Be7 Kb3 42. Ba3 1/2-1/2

[Event "Vladimir Dvorkovich Mem 2014"]
[Site "Taganrog RUS"]
[Date "2014.01.22"]
[Round "5.20"]
[White "Gorkavij, V."]
[Black "Kudelya, I."]
[Result "1/2-1/2"]
[WhiteElo "2354"]
[BlackElo "2232"]
[PlyCount "87"]
[EventDate "2014.01.18"]
[EventType "swiss"]
[EventRounds "9"]
[EventCountry "RUS"]
[Source "Mark Crowther"]
[SourceDate "2014.01.27"]

1. e4 c5 2. Nc3 Nc6 3. g3 g6 4. Bg2 Bg7 5. d3 d6 6. Be3 e6 7. Qd2 Rb8 8. a4 a6
9. Nge2 Nd4 10. O-O Ne7 11. Bh6 O-O 12. Bxg7 Kxg7 13. f4 Nec6 14. Nxd4 Nxd4 15.
e5 d5 16. g4 Qh4 17. h3 Bd7 18. Ne2 Nxe2+ 19. Qxe2 a5 20. Kh2 b6 21. b3 Rbd8
22. Rae1 Kg8 23. g5 h6 24. Qd2 Bc8 25. Rf3 Kg7 26. Rg3 Rh8 27. Rg4 Qh5 28. Qf2
hxg5 29. fxg5 Rd7 30. Kg3 Kf8 31. Rf1 Qh7 32. Qf6 Re7 33. Rff4 Qg7 34. Rh4 Rg8
35. Rf2 Ba6 36. d4 Qxf6 37. gxf6 Rc7 38. c4 g5 39. Rg4 Ke8 40. dxc5 dxc4 41.
Bf3 Bc8 42. Re4 Rh8 43. h4 Rxh4 44. Rxh4 1/2-1/2

[Event "Vladimir Dvorkovich Mem 2014"]
[Site "Taganrog RUS"]
[Date "2014.01.22"]
[Round "5.21"]
[White "Sarana, A."]
[Black "Kotenko, P."]
[Result "1-0"]
[WhiteElo "2283"]
[BlackElo "2353"]
[PlyCount "127"]
[EventDate "2014.01.18"]
[EventType "swiss"]
[EventRounds "9"]
[EventCountry "RUS"]
[Source "Mark Crowther"]
[SourceDate "2014.01.27"]

1. e4 e5 2. Nf3 Nc6 3. Bb5 a6 4. Ba4 Nf6 5. O-O Nxe4 6. d4 b5 7. Bb3 d5 8. dxe5
Be6 9. Nbd2 Nc5 10. c3 Be7 11. Bc2 Bg4 12. h3 Bh5 13. Re1 O-O 14. Nb3 Ne6 15.
Bf5 Re8 16. Qd3 Bg6 17. Nfd4 Ncxd4 18. Nxd4 Bf8 19. Qg3 Nxd4 20. Bxg6 Nf3+ 21.
Qxf3 hxg6 22. Bf4 c6 23. g3 Qd7 24. h4 Qf5 25. Kg2 Rad8 26. Rad1 Rd7 27. Re2
Be7 28. Rh1 c5 29. e6 fxe6 30. Re5 Qf7 31. h5 Bf6 32. hxg6 Qxg6 33. Reh5 e5 34.
Bg5 Re6 35. Be3 c4 36. Rh8+ Kf7 37. R1h4 Re8 38. Rg4 Qd3 39. Rxg7+ Kxg7 40.
Rxe8 Qg6 41. Re6 Rd8 42. Rxa6 d4 43. cxd4 exd4 44. Bf4 Qf5 45. Bh6+ Kg6 46.
Qxf5+ Kxf5 47. g4+ Kg6 48. Bd2 Kf7 49. g5 Be5 50. Rb6 Rd5 51. Kf3 c3 52. bxc3
dxc3 53. Be3 Bd4 54. Bxd4 Rxd4 55. Rxb5 Rd3+ 56. Ke4 Rd2 57. f4 Rxa2 58. Rc5 c2
59. Kd3 Ra4 60. Rf5+ Ke6 61. Rf6+ Kd5 62. Kxc2 Ke4 63. g6 Ra2+ 64. Kc3 1-0

[Event "Vladimir Dvorkovich Mem 2014"]
[Site "Taganrog RUS"]
[Date "2014.01.22"]
[Round "5.22"]
[White "Saduakassova, D."]
[Black "Sukhareva, E."]
[Result "1-0"]
[WhiteElo "2348"]
[BlackElo "2203"]
[PlyCount "151"]
[EventDate "2014.01.18"]
[EventType "swiss"]
[EventRounds "9"]
[EventCountry "RUS"]
[Source "Mark Crowther"]
[SourceDate "2014.01.27"]

1. d4 d5 2. c4 e6 3. Nf3 Nf6 4. e3 a6 5. Nc3 dxc4 6. a4 c5 7. Bxc4 cxd4 8. exd4
Be7 9. O-O Nbd7 10. Bg5 O-O 11. Bb3 b6 12. Bc2 Bb7 13. Qd3 g6 14. Qe2 Re8 15.
Bb3 Nd5 16. Bxe7 Nxc3 17. bxc3 Qxe7 18. Bc4 Qd6 19. Rfc1 Rec8 20. Bd3 Rc7 21.
Nd2 Qe7 22. Rab1 Rac8 23. Bxa6 Bxa6 24. Qxa6 Kg7 25. Qd3 Qa3 26. Ne4 Qxa4 27.
Nd6 Rf8 28. Nb5 Qc4 29. Qf3 Rc6 30. Qe3 Ra8 31. Rb4 Qd5 32. c4 Qf5 33. d5 exd5
34. Nd4 Qf6 35. Nxc6 Qxc6 36. Qd4+ Qf6 37. Qxd5 Ra7 38. h3 Nc5 39. Rbb1 Rd7 40.
Qf3 Qxf3 41. gxf3 Rd6 42. Rb5 Rc6 43. Rcb1 Nd7 44. Rd1 Nc5 45. Kg2 Kf6 46. Rb4
Ke7 47. Rdb1 Nd3 48. Ra4 Ne5 49. Re1 Kd6 50. Rd1+ Ke6 51. Rd4 Rc7 52. f4 Nd7
53. Ra8 Nf6 54. Rb8 Rc6 55. Rb7 h5 56. Kg3 Ng8 57. Rdd7 Rxc4 58. Rxf7 Nh6 59.
Rfe7+ Kf6 60. Rec7 Nf5+ 61. Kf3 Nh4+ 62. Ke2 Re4+ 63. Kf1 Rxf4 64. Rf7+ Kg5 65.
Rxf4 Kxf4 66. Rxb6 Kg5 67. Ke2 Nf5 68. Kf3 Nh4+ 69. Ke4 Nf5 70. Ke5 Nh4 71. f4+
Kh6 72. Kf6 Nf5 73. Ra6 Nh4 74. Ra8 Kh7 75. Ra7+ Kh6 76. Rg7 1-0